Transforming the School-to-Prison Pipeline : Lessons from the Classroom /

Spremljeno u:
Bibliografski detalji
Glavni autor: Pane, Debra M. (autor)
Daljnji autori: Rocco, Tonette S. (autor) (autor)
Format: Knjiga
Jezik:engleski
Izdano: Rotterdam, Holanda : Sense, 2014, c2014
Serija:(Educational Futures: Rethinking Theory and Practice ; 61)
Teme:
Online pristup:Ver documento en línea
Oznake: Dodaj oznaku
Bez oznaka, Budi prvi tko označuje ovaj zapis!

MARC

LEADER 00000nam^a2200000^a^4500
001 000420413
005 20251023000000.0
009 20260310122509.102
020 |a 978-94-6209-449-9 
037 |a Acervo ITESO - Biblioteca 
041 |a ING 
082 |a 371. 102  |b PAN 
100 |a Pane, Debra M.  |e (autor) 
245 1 0 |a Transforming the School-to-Prison Pipeline :  |b Lessons from the Classroom /  |c D.M. Pane, T.S. Rocco ; pról. de Joan T. Wynne. 
264 4 |a Rotterdam, Holanda :  |b Sense,  |c 2014, c2014 
264 2 |a Cham, Suiza :  |b Springer Link [distribución],  |c 2014 
300 |a 1 libro electrónico en línea (XIV, 334 p.) 
300 |a 1 recurso en línea 
336 |a datos para computadora  |b cod  |2 rdacontenido 
337 |a computadora  |b c  |2 rdamedio 
338 |a recurso en línea  |b cr  |2 rdasoporte 
440 1 |a (Educational Futures: Rethinking Theory and Practice ;  |v 61) 
506 0 |a Licencias ilimitadas 
649 |a XX 
650 |a Práctica Educativa -  |x Tema Principal 
650 |a Relaciones Maestro-Alumno 
650 |a Innovación Educativa -  |x Tema Principal 
650 |a Proceso Educativo 
650 |a Disciplina Escolar 
650 |a Administración Educativa 
650 |a Educación 
700 |a Rocco, Tonette S.  |e (autor) 
856 4 0 |u https://link-springer-com.ezproxy.iteso.mx/10.1007/978-94-6209-449-9  |y Ver documento en línea 
910 |a Fondo General 
920 |a Electrónicos - Libros en Línea 
930 |a Plataforma Digital 
905 |a 205 
901 |a 420413-1  |b IT2  |c EBO  |i C172346  |u 20250521 
902 |a https://opac.biblio.iteso.mx/vufind/Record/000420413